| 000 | 00470nam a2200181Ia 4500 | ||
|---|---|---|---|
| 003 | GCL | ||
| 008 | 140319s9999 xx 000 0 ara d | ||
| 040 |
_aGCL / _cGCL |
||
| 082 | 0 | 4 |
_a239 _bم ح |
| 100 | 1 | _aمحمود شلبى | |
| 245 | 1 | 0 |
_aحياة رسول الله?(ص) / _cمحمود شلبى |
| 260 |
_a[S.N] : _bدار الجيل |
||
| 300 | _a296 ص | ||
| 490 | _a | ||
| 650 | 0 | 4 | _aالاسلام |
| 650 | 0 | 4 | _aالسيرة النبوية |
| 942 |
_2ddc _cBK |
||
| 999 |
_c55155 _d55155 |
||